| 000 | 00550cam a22001932 4500 | ||
|---|---|---|---|
| 001 | 0000000430 | ||
| 005 | 20170406112612.0 | ||
| 008 | 131108s xx 000 0 eng d | ||
| 020 | _c$ | ||
| 040 |
_aYour Holding Symbol _cYour Holding Symbol |
||
| 100 | 1 | _aHussong,M.A. | |
| 245 | 1 | 0 | _aAdministrators manual for 16pf. |
| 250 | _a ed. | ||
| 260 |
_ainstitute for personality and ability : _btesting inc, _c1972. |
||
| 300 |
_a123 p. ; _c cm. |
||
| 591 |
_a2003 _bdonation |
||
| 650 | 0 | _afactor qustionnaire. | |
| 908 | _a131108 | ||
| 999 |
_c362 _d362 |
||